[Event "Kieler Open 2019-A"]
[Site "Kiel"]
[Date "2019.08.01"]
[Round "8.20"]
[White "Röhr, Oliver"]
[Black "Haffner, Alexander"]
[Result "1/2-1/2"]
[WhiteElo "1948"]
[BlackElo "2117"]
[Annotator "PS"]
[PlyCount "83"]
[EventDate "2019.??.??"]
[WhiteTeam "SG Aufbau Elbe Magdeburg"]
[BlackTeam "SC Agon Neumünster"]

1. e4 g6 2. d4 Bg7 3. Nc3 c6 4. Be3 d6 5. Qd2 b5 6. Bd3 a6 7. Nf3 Nd7 8. O-O
Bb7 9. a4 Ngf6 10. Bh6 O-O 11. Bxg7 Kxg7 12. e5 dxe5 13. dxe5 Ne8 14. e6 fxe6
15. Ng5 Nc7 16. Qe3 Qe8 17. Qh3 Nf6 18. Nce4 h6 19. Nxe6+ Nxe6 20. Qxe6 Rd8 21.
Rfe1 Bc8 22. Nxf6 exf6 23. Qe7+ Qxe7 24. Rxe7+ Rf7 25. Rxf7+ Kxf7 26. axb5 cxb5
27. Ra3 Bf5 28. Kf1 b4 29. Bc4+ Ke7 30. Rxa6 Rd2 31. Rb6 Rxc2 32. b3 h5 33. h4
g5 34. hxg5 fxg5 35. Rb5 Rc1+ 36. Ke2 Kf6 37. Rxb4 h4 38. f3 Rc2+ 39. Kf1 Rb2
40. Rb5 Rd2 41. Kg1 Rb2 42. Rd5 1/2-1/2

[Event "Kieler Open 2019-A"]
[Site "Kiel"]
[Date "2019.08.01"]
[Round "8.21"]
[White "Wendler, David"]
[Black "Basey, Matthew"]
[Result "1-0"]
[WhiteElo "2094"]
[BlackElo "1852"]
[Annotator "PS"]
[PlyCount "63"]
[EventDate "2019.??.??"]
[WhiteTeam "SK Bebenhausen"]
[BlackTeam "Kieler SG"]

1. e4 c6 2. d4 d5 3. exd5 cxd5 4. c4 Nf6 5. Nc3 g6 6. cxd5 Bg7 7. Bc4 O-O 8.
Nge2 Na6 9. O-O Nc7 10. Nf4 Rb8 11. a4 b6 12. Re1 a6 13. Qe2 Re8 14. h4 Qd7 15.
h5 b5 16. axb5 axb5 17. Bb3 Qd6 18. hxg6 hxg6 19. Qe5 Qb6 20. Qg5 Nh7 21. Qg3
Bf5 22. Be3 Nf6 23. Nxg6 fxg6 24. d6+ Ne6 25. Bxe6+ Bxe6 26. d5 Qxd6 27. Bf4
Nh5 28. Bxd6 Nxg3 29. Bxg3 Bxc3 30. bxc3 Bxd5 31. Bxb8 Rxb8 32. Rxe7 1-0

[Event "Kieler Open 2019-A"]
[Site "Kiel"]
[Date "2019.08.01"]
[Round "8.22"]
[White "Dittmann, Hans-Adolf"]
[Black "Mohamed, Galal"]
[Result "1-0"]
[WhiteElo "2068"]
[BlackElo "1833"]
[Annotator "PS"]
[PlyCount "99"]
[EventDate "2019.??.??"]
[WhiteTeam "Preetzer TSV"]
[BlackTeam "VSF Flintbek"]

1. e4 e6 2. d4 d5 3. Nc3 Nf6 4. Bg5 Bb4 5. e5 h6 6. Bd2 Bxc3 7. Bxc3 Ne4 8. Nf3
c5 9. dxc5 Nxc3 10. bxc3 Qa5 11. Rb1 Qxc3+ 12. Qd2 Qxc5 13. Bd3 O-O 14. O-O b6
15. Rb4 Ba6 16. Rg4 Bxd3 17. cxd3 f5 18. exf6 Rxf6 19. Rc1 Qe7 20. Rc8+ Rf8 21.
Rxf8+ Kxf8 22. Ne5 Ke8 23. Qc3 Nd7 24. Qc6 Rd8 25. h4 Qf6 26. Rg6 Qxe5 27.
Rxe6+ Qxe6 28. Qxe6+ Kf8 29. Qxd5 Ke7 30. d4 Nf6 31. Qe5+ Kf7 32. g4 Rd5 33.
Qc7+ Rd7 34. Qc4+ Nd5 35. Qc6 Ke7 36. Kh2 Rd6 37. Qa8 a5 38. Kg3 Nf6 39. g5
hxg5 40. hxg5 Nd7 41. Qg8 g6 42. f4 Nf8 43. a4 Rc6 44. d5 Rc3+ 45. Kf2 Rc8 46.
f5 gxf5 47. g6 Rc2+ 48. Ke1 Nxg6 49. Qxg6 Rc5 50. Qe6+ 1-0

[Event "Kieler Open 2019-A"]
[Site "Kiel"]
[Date "2019.08.01"]
[Round "8.23"]
[White "Meyer, Henrik"]
[Black "Priemer, Siegfried"]
[Result "1-0"]
[WhiteElo "2007"]
[BlackElo "1833"]
[Annotator "PS"]
[PlyCount "91"]
[EventDate "2019.??.??"]
[WhiteTeam "TuRa Harksheide"]
[BlackTeam "SC Agon Neumünster"]

1. e4 e5 2. Nf3 Nf6 3. Nc3 Nc6 4. Nxe5 Nxe5 5. d4 Ng6 6. e5 Ng8 7. Bc4 d6 8.
Qf3 Qd7 9. O-O Qf5 10. Bb5+ Kd8 11. Qd1 c6 12. Bd3 Qg4 13. Be2 Qd7 14. f4 f5
15. g4 Nh6 16. Be3 Qc7 17. g5 Ng8 18. d5 Bd7 19. e6 Be8 20. Bf3 N8e7 21. Qe1
cxd5 22. h4 Nc8 23. Nxd5 Qb8 24. Qa5+ b6 25. Nxb6 Qc7 26. Bxa8 axb6 27. Qxf5
Nxh4 28. Qh3 Ng6 29. Be4 Nge7 30. f5 Qc4 31. Qf3 d5 32. Rfd1 Bc6 33. Rd4 Qb5
34. c4 Qxb2 35. Rb1 Qxa2 36. cxd5 Bxd5 37. Rd2 Qa4 38. Bxd5 Nxd5 39. Qxd5+ Bd6
40. Rxb6 Qg4+ 41. Rg2 Qh3 42. Rxd6+ Nxd6 43. Qxd6+ Kc8 44. Qd7+ Kb8 45. Rb2+
Ka8 46. Qb7# 1-0

[Event "Kieler Open 2019-A"]
[Site "Kiel"]
[Date "2019.08.01"]
[Round "8.24"]
[White "Bernhardt, Gerd"]
[Black "Omert, Oliver"]
[Result "0-1"]
[WhiteElo "2005"]
[BlackElo "1815"]
[Annotator "PS"]
[PlyCount "70"]
[EventDate "2019.??.??"]
[WhiteTeam "Eckernförder SC"]
[BlackTeam "SK Bebenhausen"]

1. d4 d5 2. Nc3 Nf6 3. Bf4 c6 4. h3 Bf5 5. Nf3 h6 6. g4 Bh7 7. Qd2 e6 8. g5
hxg5 9. Nxg5 Bf5 10. O-O-O Qa5 11. Bg2 Bb4 12. f3 Bxc3 13. Qxc3 Qxa2 14. e4 Bg6
15. Qb4 Nbd7 16. Rd3 Qc4 17. Qd6 Nb6 18. b3 Qa6 19. Kb2 Qb5 20. Kc1 Rd8 21. Qa3
Qa6 22. Qb2 Nh5 23. Bd2 Ng3 24. Re1 O-O 25. f4 Nxe4 26. Nxe4 Bxe4 27. Rxe4 dxe4
28. Rg3 f6 29. c4 Nxc4 30. bxc4 Qxc4+ 31. Kb1 Rxd4 32. Bc1 b5 33. Rc3 Qd5 34.
h4 a5 35. Bh3 Rb4 0-1

[Event "Kieler Open 2019-A"]
[Site "Kiel"]
[Date "2019.08.01"]
[Round "8.25"]
[White "Olde, Henning"]
[Black "Berenstein, Alexander"]
[Result "1-0"]
[WhiteElo "1788"]
[BlackElo "1972"]
[Annotator "PS"]
[PlyCount "125"]
[EventDate "2019.??.??"]
[WhiteTeam "SK Kollmar"]
[BlackTeam "SV VHS Rendsburg"]

1. f4 Nf6 2. Nf3 g6 3. c3 Bg7 4. d3 d5 5. e3 c6 6. Ne5 Nbd7 7. Nd2 Nxe5 8. fxe5
Ng4 9. Nf3 Nxe5 10. Be2 O-O 11. O-O Nxf3+ 12. Bxf3 e5 13. e4 d4 14. c4 f5 15.
Bd2 f4 16. b4 b6 17. a4 a6 18. Qb3 Be6 19. b5 axb5 20. axb5 c5 21. Ra4 Rxa4 22.
Qxa4 Qc7 23. Ra1 Bf6 24. Be1 g5 25. h3 Kg7 26. Qa7 Rf7 27. Qxc7 Rxc7 28. Ra6
Rb7 29. Kf2 Kg6 30. g4 fxg3+ 31. Kxg3 h5 32. Bd2 Bd8 33. Ra8 Rd7 34. Be2 Rd6
35. Bc1 Bf6 36. Ba3 Rd7 37. Ra6 Bxc4 38. dxc4 d3 39. Bd1 d2 40. Bb2 Rd6 41. Kf2
g4 42. hxg4 hxg4 43. Ra3 Kh5 44. Rh3+ Kg6 45. Rh1 g3+ 46. Kxg3 Rd3+ 47. Kf2 Rd8
48. Ke2 Rd6 49. Rh3 Kg5 50. Bc3 Kf4 51. Bxd2+ Kg4 52. Rd3 Rxd3 53. Kxd3+ Kg3
54. Bh6 Bd8 55. Bf8 Bc7 56. Be7 Kf4 57. Bh5 Kg3 58. Ke3 Kg2 59. Bg4 Kg3 60. Bf5
Kg2 61. Bh4 Kh2 62. Kf2 Kh1 63. Bg4 1-0

[Event "Kieler Open 2019-A"]
[Site "Kiel"]
[Date "2019.08.01"]
[Round "8.26"]
[White "Sallandt, Frido"]
[Black "Großelohmann, Gerhard"]
[Result "0-1"]
[WhiteElo "1680"]
[BlackElo "1999"]
[Annotator "PS"]
[PlyCount "74"]
[EventDate "2019.??.??"]
[WhiteTeam "SV Bad Schwartau"]
[BlackTeam "Königsspr Braunschweig"]

1. e4 c5 2. Nc3 g6 3. Bc4 Bg7 4. f4 Nc6 5. Nf3 d6 6. O-O e6 7. d3 Nge7 8. Bb3
a6 9. Qe1 Na5 10. Kh1 Nec6 11. f5 Nxb3 12. axb3 Nd4 13. Nxd4 cxd4 14. Ne2 e5
15. Ng3 Bd7 16. Qb4 Bc6 17. Rf2 Qe7 18. Bd2 Rc8 19. Raf1 f6 20. c4 dxc3 21.
bxc3 d5 22. c4 dxc4 23. dxc4 Qxb4 24. Bxb4 Rd8 25. Rd2 Rxd2 26. Bxd2 Kf7 27.
Ba5 gxf5 28. Nxf5 Bf8 29. Re1 Rg8 30. Ng3 Rg4 31. Bd2 Bc5 32. Re2 h5 33. Nxh5
Bxe4 34. Bc3 Bc6 35. Rd2 Re4 36. h3 Rh4 37. Ng7 Rxh3# 0-1

[Event "Kieler Open 2019-A"]
[Site "Kiel"]
[Date "2019.08.01"]
[Round "8.27"]
[White "Hartwig, Frank"]
[Black "Srimathi Raajesh"]
[Result "1/2-1/2"]
[WhiteElo "2059"]
[BlackElo "1832"]
[Annotator "PS"]
[PlyCount "111"]
[EventDate "2019.??.??"]
[WhiteTeam "SC Schönberg"]
[BlackTeam "Madurai, Indien"]

1. e4 c5 2. Nf3 Nc6 3. Bb5 g6 4. Bxc6 bxc6 5. d3 Bg7 6. Nbd2 d6 7. h3 e5 8. Nh2
Ne7 9. g4 h5 10. Ndf1 hxg4 11. hxg4 Be6 12. b3 Qd7 13. Rg1 Qc7 14. Bd2 Qd7 15.
Rb1 Rb8 16. Qe2 Qb7 17. a4 Qa6 18. Rd1 Qc8 19. f3 Qd7 20. Ne3 f6 21. Nhf1 Kf7
22. Ng3 Bh6 23. Rh1 Bf4 24. Kf2 Rbg8 25. Ng2 Bxd2 26. Qxd2 Qd8 27. g5 fxg5 28.
Qxg5 Nc8 29. Qxd8 Rxd8 30. Ne3 Kg7 31. Ne2 Rdf8 32. Kg3 g5 33. Rdg1 Rxh1 34.
Rxh1 Rh8 35. Rxh8 Kxh8 36. Ng1 Kg7 37. Nh3 Kg6 38. Nf2 Nb6 39. Nfg4 Nc8 40. Kf2
Nb6 41. Nh2 Nd7 42. Nhf1 d5 43. Ng3 Nb6 44. Ke2 a5 45. Kd2 Nc8 46. Ngf5 d4 47.
Nc4 Bxc4 48. dxc4 Kf6 49. Nh6 Nd6 50. Ke2 Ne8 51. Nf5 Ke6 52. Kf2 Nf6 53. Ng3
g4 54. Ne2 gxf3 55. Kxf3 Nh5 56. Kg4 1/2-1/2

[Event "Kieler Open 2019-A"]
[Site "Kiel"]
[Date "2019.08.01"]
[Round "8.29"]
[White "Wendler, Werner"]
[Black "Grimm, Ling Leander"]
[Result "1-0"]
[WhiteElo "1954"]
[BlackElo "1691"]
[Annotator "PS"]
[PlyCount "117"]
[EventDate "2019.??.??"]
[WhiteTeam "SK Bebenhausen"]
[BlackTeam "SK Bebenhausen"]

1. d4 g6 2. g3 Bg7 3. Bg2 d6 4. e4 Nd7 5. Ne2 e6 6. O-O Ne7 7. Be3 h6 8. Qd2
Nf6 9. h3 d5 10. f3 b6 11. Na3 Ba6 12. Rfe1 g5 13. Rac1 O-O 14. c4 c6 15. b3
Kh7 16. Nc2 Ng6 17. Nb4 Bb7 18. Nd3 Qe7 19. Nc3 Rfd8 20. cxd5 cxd5 21. e5 Ne8
22. f4 gxf4 23. Nxf4 Nxf4 24. gxf4 Ba6 25. Bf3 Qh4 26. Kh2 Bf8 27. Rg1 Ng7 28.
Qg2 Bd3 29. Ne2 Rac8 30. Bf2 Qe7 31. Ng3 Bg6 32. f5 Nxf5 33. Nxf5 exf5 34. Bxd5
Qa3 35. Rxc8 Rxc8 36. e6 Rc1 37. Be1 f4 38. Be4 Qd6 39. Bxg6+ Kh8 40. Bxf7 f3+
41. Bg3 fxg2 42. Bxd6 Bxd6+ 43. Kxg2 Rxg1+ 44. Kxg1 Kg7 45. Kf2 Kf6 46. Ke3 Kf5
47. a4 a6 48. Kd3 b5 49. axb5 axb5 50. Be8 b4 51. Bf7 Be7 52. Kc4 Ke4 53. Bg6+
Kf4 54. Kd5 Kg5 55. Bf7 h5 56. Kc6 h4 57. d5 Kf6 58. d6 Bf8 59. Kd7 1-0

[Event "Kieler Open 2019-A"]
[Site "Kiel"]
[Date "2019.08.01"]
[Round "8.30"]
[White "Glinzner, Alva"]
[Black "Tran, Minh Dat"]
[Result "1-0"]
[WhiteElo "1941"]
[BlackElo "1559"]
[Annotator "PS"]
[PlyCount "41"]
[EventDate "2019.??.??"]
[WhiteTeam "Lübecker SV"]
[BlackTeam "SC Agon Neumünster"]

1. e4 g6 2. d4 Bg7 3. Nc3 c6 4. Bc4 e6 5. d5 exd5 6. exd5 Nf6 7. Qe2+ Qe7 8.
Qxe7+ Kxe7 9. Bf4 Re8 10. O-O-O cxd5 11. Bxd5 Nc6 12. Bb3 d5 13. Bxd5 Rd8 14.
Nf3 Bg4 15. h3 Bxf3 16. Bxf3 Rxd1+ 17. Rxd1 Rd8 18. Re1+ Kf8 19. Nb5 Nd5 20.
Bd6+ Nde7 21. Bxc6 1-0

[Event "Kieler Open 2019-A"]
[Site "Kiel"]
[Date "2019.08.01"]
[Round "8.31"]
[White "Rohmann, Volker"]
[Black "Rosenburg, Hauke"]
[Result "1/2-1/2"]
[WhiteElo "1752"]
[BlackElo "1925"]
[Annotator "PS"]
[PlyCount "102"]
[EventDate "2019.??.??"]
[WhiteTeam "SVG Friedrichsort"]
[BlackTeam "SF Burg von 1966"]

1. d4 Nf6 2. Nf3 e6 3. Bf4 Be7 4. h3 O-O 5. e3 b6 6. Bd3 Bb7 7. O-O d5 8. Nbd2
Nbd7 9. c3 c5 10. Qe2 Re8 11. Rfe1 Bf8 12. Qf1 h6 13. Rac1 Ne4 14. Rcd1 Nxd2
15. Rxd2 Rc8 16. Rdd1 Qe7 17. a3 g5 18. Bh2 c4 19. Bc2 b5 20. Ne5 Nxe5 21. Bxe5
f6 22. Bh2 a5 23. Ra1 Bg7 24. Rac1 e5 25. Bf5 Ra8 26. f3 Qf7 27. Qf2 Re7 28.
Qc2 Bc8 29. Bh7+ Kh8 30. Bg6 Qg8 31. g4 Be6 32. Kg2 Bf7 33. Bf5 Rae8 34. Kf2
exd4 35. exd4 Rxe1 36. Rxe1 Rxe1 37. Kxe1 Qe8+ 38. Qe2 Qxe2+ 39. Kxe2 Bf8 40.
Bd7 b4 41. axb4 axb4 42. Kd2 Kg7 43. Bc7 Bg8 44. Bc6 Be6 45. Ba5 b3 46. Bc7 Be7
47. f4 h5 48. f5 Bf7 49. Bb8 h4 50. Bc7 Kf8 51. Bb8 Kg7 1/2-1/2

[Event "Kieler Open 2019-A"]
[Site "Kiel"]
[Date "2019.08.01"]
[Round "8.32"]
[White "Lawrenz, Sebastian"]
[Black "Stegert, Jonas"]
[Result "1/2-1/2"]
[WhiteElo "1924"]
[BlackElo "1495"]
[Annotator "PS"]
[PlyCount "42"]
[EventDate "2019.??.??"]
[WhiteTeam "SC Zitadelle Spandau"]
[BlackTeam "SC Agon Neumünster"]

1. d4 Nf6 2. Nf3 g6 3. Bf4 Bg7 4. e3 O-O 5. h3 d6 6. Be2 Nc6 7. O-O Nd7 8. c3
e5 9. Bh2 f5 10. a4 e4 11. Nfd2 Nf6 12. Qb3+ Kh8 13. c4 Ne7 14. Nc3 a6 15. a5
g5 16. f4 gxf4 17. Bxf4 Ng6 18. g3 Nxf4 19. gxf4 Rg8 20. Qd1 Ne8 21. Kh2 Qh4
1/2-1/2

[Event "Kieler Open 2019-A"]
[Site "Kiel"]
[Date "2019.08.01"]
[Round "8.33"]
[White "Rosenburg, Thies"]
[Black "Karlisch, Moritz"]
[Result "0-1"]
[WhiteElo "1778"]
[BlackElo "1894"]
[Annotator "PS"]
[PlyCount "90"]
[EventDate "2019.??.??"]
[WhiteTeam "SF Burg von 1966"]
[BlackTeam "SK Doppelbauer Kiel"]

1. e4 c5 2. Bc4 Nc6 3. Nf3 e6 4. O-O a6 5. c3 d5 6. exd5 exd5 7. Re1+ Be7 8.
Bf1 Nf6 9. d4 O-O 10. h3 h6 11. Be3 c4 12. Nbd2 Be6 13. Ne5 Bd6 14. Bf4 Re8 15.
Qf3 Qc7 16. Re3 Nd7 17. Qg3 Kh7 18. Nd3 Bxf4 19. Nxf4 g5 20. Nh5 Qd8 21. Qd6
Ne7 22. g4 Nc8 23. Qg3 Nf6 24. Nxf6+ Qxf6 25. Bg2 Ne7 26. Rae1 Red8 27. Bf3 Ng6
28. Bd1 Nf4 29. Bc2+ Kg7 30. Re5 Kf8 31. Nf3 Ke7 32. h4 Rg8 33. h5 Kd6 34. Bf5
Rge8 35. Kf1 Re7 36. Nd2 Rae8 37. Qe3 Bxf5 38. gxf5 Nd3 39. Re2 Nxe5 40. dxe5+
Rxe5 41. Nxc4+ dxc4 42. Qb6+ Ke7 43. Qb4+ Kd8 44. Rd2+ Kc8 45. Rd6 Qxf5 0-1

[Event "Kieler Open 2019-A"]
[Site "Kiel"]
[Date "2019.08.01"]
[Round "8.34"]
[White "Quiring, Nikolai"]
[Black "Koch, Ralf-Johannes"]
[Result "1-0"]
[WhiteElo "2018"]
[BlackElo "1724"]
[Annotator "PS"]
[PlyCount "81"]
[EventDate "2019.??.??"]
[WhiteTeam "SV VHS Rendsburg"]
[BlackTeam "Eckernförder SC"]

1. d4 Nf6 2. c4 g6 3. f3 Bg7 4. e4 d6 5. Nc3 O-O 6. Be3 e5 7. d5 Nbd7 8. Nh3 a5
9. Nf2 b6 10. Qd2 Nc5 11. g4 Bd7 12. b3 Qe7 13. Bg5 Rfc8 14. h4 Qf8 15. Bh3 Ne8
16. Ke2 f6 17. Be3 Rab8 18. g5 f5 19. h5 Qf7 20. hxg6 hxg6 21. exf5 Bxf5 22.
Nce4 c6 23. Bxc5 dxc5 24. dxc6 Rd8 25. Qe3 Rd4 26. Rad1 Rbd8 27. Rxd4 Rxd4 28.
Nc3 Nc7 29. Nfe4 Qe6 30. Bxf5 gxf5 31. Nf6+ Kf7 32. Nb5 Nxb5 33. cxb5 e4 34. f4
Rd3 35. Qc1 Rd4 36. Rh7 Kf8 37. Qh1 Rd8 38. Rxg7 Kxg7 39. Qh7+ Kf8 40. Nd7+ Ke8
41. g6 1-0

[Event "Kieler Open 2019-A"]
[Site "Kiel"]
[Date "2019.08.01"]
[Round "8.35"]
[White "Freiknecht, Axel"]
[Black "Schramm, Daniel"]
[Result "0-1"]
[WhiteElo "1733"]
[BlackElo "1837"]
[Annotator "PS"]
[PlyCount "76"]
[EventDate "2019.??.??"]
[WhiteTeam "Bahn-SC Wuppertal"]
[BlackTeam "Kieler SG"]

1. Nf3 g6 2. c4 c5 3. Nc3 Bg7 4. g3 Nc6 5. Bg2 Rb8 6. O-O a6 7. e3 b5 8. cxb5
axb5 9. d4 b4 10. Ne4 c4 11. d5 Na5 12. d6 e6 13. Qc2 Nh6 14. Rd1 O-O 15. Nfd2
Ba6 16. Bf1 Rc8 17. Nf3 Qb6 18. Nd4 Nc6 19. Qe2 Ra8 20. Qf3 Nxd4 21. exd4 Nf5
22. Be3 Bb7 23. Qf4 Bxe4 24. Qxe4 Nxd6 25. Qf3 Nf5 26. Qg4 d5 27. Rd2 Rfc8 28.
Qd1 Nd6 29. Kg2 Ra7 30. f3 Rca8 31. Qb1 Nb5 32. Qd1 Rxa2 33. Rxa2 Rxa2 34. Qb1
b3 35. Qd1 Bf8 36. Qc1 Qa5 37. Rf2 Bb4 38. Bxc4 Ra1 0-1

[Event "Kieler Open 2019-A"]
[Site "Kiel"]
[Date "2019.08.01"]
[Round "8.36"]
[White "Hoppe, Marc"]
[Black "Bücker, Timo"]
[Result "1/2-1/2"]
[WhiteElo "1644"]
[BlackElo "1778"]
[Annotator "PS"]
[PlyCount "73"]
[EventDate "2019.??.??"]
[WhiteTeam "SF Olfen 1975"]
[BlackTeam "SC Schleispringer Kappeln"]

1. c4 Nc6 2. d4 e5 3. Nf3 exd4 4. Nxd4 Nxd4 5. Qxd4 Qf6 6. e3 Bd6 7. Nc3 Be5 8.
Qe4 Qe6 9. Bd2 Nf6 10. Qc2 b6 11. O-O-O Bb7 12. f3 O-O 13. Bd3 d5 14. cxd5 Bxd5
15. Nxd5 Qxd5 16. Bb4 Qxa2 17. Bxf8 Rxf8 18. Rd2 a5 19. Qc4 Qa1+ 20. Bb1 a4 21.
Qa2 Qxa2 22. Bxa2 Bd6 23. g3 Re8 24. e4 Nd7 25. Bd5 Nc5 26. Kc2 Na6 27. Ra1 b5
28. Bb7 Nc5 29. Bc6 Rb8 30. Rdd1 Rb6 31. Bd5 Na6 32. f4 Nb4+ 33. Kc3 Na6 34. e5
Bb4+ 35. Kc2 Kf8 36. f5 Be7 37. Be4 1/2-1/2

[Event "Kieler Open 2019-A"]
[Site "Kiel"]
[Date "2019.08.01"]
[Round "8.37"]
[White "Gehlsen, René"]
[Black "Ortner, Jonas Ruben"]
[Result "1-0"]
[WhiteElo "1715"]
[BlackElo "1740"]
[Annotator "PS"]
[PlyCount "53"]
[EventDate "2019.??.??"]
[WhiteTeam "SV VHS Heide"]
[BlackTeam "SK Bebenhausen"]

1. d4 Nf6 2. Nf3 e6 3. Nbd2 c5 4. e3 Nc6 5. a3 d5 6. b3 Bd6 7. Bd3 O-O 8. O-O
e5 9. dxe5 Nxe5 10. Be2 Qe7 11. Bb2 Nc6 12. c4 dxc4 13. Nxc4 Bc7 14. Qc2 b6 15.
Ng5 Ne5 16. f4 Ned7 17. Ne5 h6 18. Nxd7 hxg5 19. Nxf6+ gxf6 20. Bc4 Be6 21. Bd3
g4 22. e4 Rad8 23. Rae1 Qd7 24. Re3 Qc8 25. Bxf6 Rde8 26. e5 g3 27. Bh7# 1-0

[Event "Kieler Open 2019-A"]
[Site "Kiel"]
[Date "2019.08.01"]
[Round "8.38"]
[White "Buchholz, Ralf"]
[Black "Kollhoff, Josef"]
[Result "1/2-1/2"]
[WhiteElo "1909"]
[BlackElo "1833"]
[Annotator "PS"]
[PlyCount "55"]
[EventDate "2019.??.??"]
[WhiteTeam "Königsspr Braunschweig"]
[BlackTeam "Kieler SG"]

1. c4 e6 2. Nc3 d5 3. d4 Nf6 4. e3 c5 5. Nf3 cxd4 6. exd4 Nc6 7. cxd5 Nxd5 8.
Bc4 Bb4 9. Bxd5 Bxc3+ 10. bxc3 exd5 11. O-O O-O 12. Qd3 Na5 13. Bf4 f6 14. Rfe1
Bg4 15. Nd2 Qd7 16. a4 Rac8 17. Ra3 Nc4 18. Nxc4 Rxc4 19. Rea1 Bf5 20. Qd2 Rfc8
21. a5 Qc6 22. Rc1 Ra4 23. Rxa4 Qxa4 24. Qb2 Qc6 25. h3 g5 26. Bd2 Re8 27. Be3
Re7 28. Qb4 {Rest unklar.} 1/2-1/2

[Event "Kieler Open 2019-A"]
[Site "Kiel"]
[Date "2019.08.01"]
[Round "8.39"]
[White "Schützhold, Frank"]
[Black "Röhr, Susanne"]
[Result "0-1"]
[WhiteElo "1860"]
[BlackElo "1677"]
[Annotator "PS"]
[PlyCount "56"]
[EventDate "2019.??.??"]
[WhiteTeam "SC Naunhof"]
[BlackTeam "Potsdamer SV Mitte"]

1. b3 e5 2. Bb2 Nc6 3. c4 Nf6 4. e3 d5 5. cxd5 Nxd5 6. a3 Bd6 7. g3 O-O 8. Bg2
Be6 9. Ne2 Qd7 10. Nbc3 Nb6 11. Rb1 Rae8 12. Ne4 Bh3 13. O-O Bxg2 14. Kxg2 f5
15. Nxd6 cxd6 16. d4 Qf7 17. Rc1 Re6 18. d5 Rh6 19. dxc6 bxc6 20. h4 Nd5 21.
Rc4 Qg6 22. Bc1 Nb6 23. Rxc6 f4 24. Nc3 f3+ 25. Kh3 Rxh4+ 26. Kxh4 Qh6+ 27. Kg4
Qe6+ 28. Kh4 g5+ 0-1

[Event "Kieler Open 2019-A"]
[Site "Kiel"]
[Date "2019.08.01"]
[Round "8.40"]
[White "Bräutigam, Katerina"]
[Black "Salwasser, Christian"]
[Result "1-0"]
[WhiteElo "1837"]
[BlackElo "1697"]
[Annotator "PS"]
[PlyCount "50"]
[EventDate "2019.??.??"]
[WhiteTeam "SV VHS Rendsburg"]
[BlackTeam "SC Rastatt"]

1. e4 e5 2. Nf3 Nc6 3. Bb5 a6 4. Ba4 Nf6 5. O-O Be7 6. Re1 b5 7. Bb3 O-O 8. d4
d6 9. c3 Bg4 10. d5 Na5 11. Bc2 Nc4 12. h3 Bh5 13. Nbd2 Nb6 14. Nf1 Ne8 15. Ng3
Bg6 16. a4 Qc8 17. Bd3 Nxa4 18. c4 c6 19. b3 Nc5 20. dxc6 bxc4 21. Bxc4 Qxc6
22. Bd5 Qc8 23. Bxa8 Qxa8 24. Nd2 Bh4 25. Nf5 Qa7 1-0

[Event "Kieler Open 2019-A"]
[Site "Kiel"]
[Date "2019.08.01"]
[Round "8.41"]
[White "Günther, Emil"]
[Black "Wenske, Hardy"]
[Result "1-0"]
[WhiteElo "1743"]
[BlackElo "1749"]
[Annotator "PS"]
[PlyCount "87"]
[EventDate "2019.??.??"]
[WhiteTeam "SK Doppelbauer Kiel"]
[BlackTeam "Kieler SG"]

1. d4 d5 2. c4 c6 3. Nc3 Nf6 4. Nf3 a6 5. cxd5 cxd5 6. Bg5 h6 7. Bxf6 exf6 8.
Qb3 Bd6 9. Qxd5 O-O 10. e3 Nc6 11. a3 Re8 12. Qb3 Rb8 13. Be2 Bf5 14. O-O Bc7
15. Rad1 Na5 16. Qa2 Nc6 17. Rd2 Qd6 18. Rfd1 b5 19. Qd5 Na5 20. Qxf5 g6 21.
Qc2 Rbc8 22. b4 Nc6 23. Ne4 Qe7 24. Qxc6 Bxh2+ 25. Nxh2 Rxc6 26. Bf3 f5 27. Nc5
Rd6 28. Nf1 h5 29. e4 g5 30. e5 Rh6 31. Ne3 Qc7 32. Nxf5 Rh8 33. Ne4 Re6 34.
Nxg5 Rg6 35. Nh3 Qd7 36. Be4 Kf8 37. d5 Qd8 38. e6 Qc7 39. d6 Qc3 40. e7+ Kg8
41. e8=Q+ Kh7 42. Qxf7+ Rg7 43. Nxg7+ Kh6 44. Qg6# 1-0

[Event "Kieler Open 2019-A"]
[Site "Kiel"]
[Date "2019.08.01"]
[Round "8.42"]
[White "Schwerdt, Alwin Elias"]
[Black "Rommeck, Christiane"]
[Result "1-0"]
[WhiteElo "1756"]
[BlackElo "1567"]
[Annotator "PS"]
[PlyCount "55"]
[EventDate "2019.??.??"]
[WhiteTeam "SV Bad Schwartau"]
[BlackTeam "VSF Flintbek"]

1. e4 d5 2. exd5 Qxd5 3. Nc3 Qd6 4. d4 Nf6 5. Nf3 a6 6. a3 Bf5 7. Bc4 e6 8. O-O
Be7 9. Re1 Nbd7 10. Bg5 O-O 11. Qe2 Rfe8 12. Rad1 Rad8 13. Ne5 Nb6 14. Bb3 Nfd5
15. Bxe7 Qxe7 16. Nxd5 Nxd5 17. Qf3 c6 18. c4 Nf6 19. c5 Nd5 20. Nc4 Bg6 21.
Nd6 Rf8 22. Bxd5 cxd5 23. Qxd5 b6 24. Qc6 bxc5 25. dxc5 Qf6 26. b3 Qc3 27. Rc1
Qa5 28. Nb7 1-0

[Event "Kieler Open 2019-A"]
[Site "Kiel"]
[Date "2019.08.01"]
[Round "8.43"]
[White "Samuelson, Bernd"]
[Black "Marcussen, Claus"]
[Result "0-1"]
[WhiteElo "1665"]
[BlackElo "1712"]
[Annotator "PS"]
[PlyCount "90"]
[EventDate "2019.??.??"]
[WhiteTeam "VSF Flintbek"]
[BlackTeam "Fredericia Skakforening"]

1. e4 d5 2. exd5 Qxd5 3. Nc3 Qd8 4. d4 g6 5. Bc4 Nh6 6. Nce2 Bg7 7. c3 O-O 8.
Ng3 Nd7 9. Bg5 Qe8 10. Qd2 Ng4 11. h3 Ngf6 12. O-O-O Nb6 13. Bb3 a5 14. Nf3 a4
15. Bc2 Nc4 16. Qe2 b5 17. Rhe1 e6 18. Ne5 Ba6 19. Bd3 Nxe5 20. Qxe5 Nd5 21.
Qe2 a3 22. Be4 axb2+ 23. Qxb2 c6 24. a3 Nb6 25. Bf3 Nc4 26. Qb4 Bb7 27. Ne4 Ra4
28. Qc5 Qa8 29. Kc2 Rxa3 30. Kd3 Nb2+ 31. Ke2 Nxd1 32. Rxd1 Qa5 33. Be7 Ra8 34.
Qg5 h6 35. Qf4 Ra2+ 36. Ke1 Ra1 37. Bb4 Rxd1+ 38. Bxd1 Qd8 39. Nd6 Qd7 40. h4
c5 41. Bxc5 Bxg2 42. Bf3 e5 43. Qe4 Bxf3 44. Qxf3 Ra1+ 45. Kd2 exd4 0-1

[Event "Kieler Open 2019-A"]
[Site "Kiel"]
[Date "2019.08.02"]
[Round "9.2"]
[White "Koellner, Christof"]
[Black "Lanka, Zigurds"]
[Result "1/2-1/2"]
[WhiteElo "2091"]
[BlackElo "2395"]
[Annotator "HAD"]
[PlyCount "32"]
[EventDate "2019.??.??"]

1. d4 Nf6 2. Nf3 g6 3. Nbd2 Bg7 4. e4 d6 5. Bd3 O-O 6. O-O c5 7. c3 cxd4 8.
cxd4 Nh5 9. Re1 Nc6 10. Nb3 a5 11. d5 Nb4 12. Nbd4 Nxd3 13. Qxd3 Nf6 14. Be3
Nd7 15. Qd2 Ne5 16. Nxe5 Bxe5 1/2-1/2

[Event "Kieler Open 2019-A"]
[Site "Kiel"]
[Date "2019.08.02"]
[Round "9.3"]
[White "Schulze, Lara"]
[Black "Wanner, Lukas"]
[Result "1-0"]
[WhiteElo "2253"]
[BlackElo "2085"]
[Annotator "HAD"]
[PlyCount "61"]
[EventDate "2019.??.??"]

1. e4 g6 2. d4 Bg7 3. Nf3 d6 4. Bc4 Nf6 5. Qe2 O-O 6. e5 dxe5 7. dxe5 Nd5 8. h3
Be6 9. O-O Qc8 10. Nd4 Nd7 11. Nxe6 fxe6 12. f4 c6 13. h4 b5 14. Bb3 a6 15. c4
bxc4 16. Bxc4 N7b6 17. Bd3 c5 18. Na3 Qd7 19. h5 Qa4 20. Nc4 Nxc4 21. Bxc4 g5
22. b3 Qc6 23. h6 Bxh6 24. Qh5 Bg7 25. Bd3 h6 26. Qg6 Rxf4 27. Bxf4 Nxf4 28.
Rxf4 gxf4 29. Rf1 Qd5 30. Rxf4 Qxe5 31. Qh7# 1-0

[Event "Kieler Open 2019-A"]
[Site "Kiel"]
[Date "2019.08.02"]
[Round "9.4"]
[White "Legky, Nikolay A"]
[Black "Ruhland, Cliff"]
[Result "1-0"]
[WhiteElo "2397"]
[BlackElo "1965"]
[Annotator "HAD"]
[PlyCount "63"]
[EventDate "2019.??.??"]

1. d4 Nf6 2. c4 c5 3. d5 e6 4. Nc3 exd5 5. cxd5 d6 6. Nf3 g6 7. Bf4 Nbd7 8. Qc2
a6 9. a4 Qe7 10. e3 Bg7 11. Be2 O-O 12. Nd2 Ne5 13. h3 Bf5 14. e4 Bd7 15. O-O
Nh5 16. Bh2 f5 17. f4 Nf7 18. Rae1 Bd4+ 19. Kh1 Qh4 20. Bxh5 Qxh5 21. e5 dxe5
22. fxe5 Ng5 23. e6 Be8 24. Ne2 b5 25. Nxd4 cxd4 26. d6 d3 27. Qxd3 Bc6 28. e7
Nxh3 29. exf8=Q+ Rxf8 30. d7 Qh4 31. Qb3+ Kg7 32. Qc3+ 1-0